Представление документа в формате RUSMARC

ПолеНазваниеЗначение
  Тип записи a
  Библиографический уровень m
001 Контрольный номер 749f4d812ca4432f93a5de6a936bc538
005 Дата корректировки 20140526192825.1
200 Заглавие и сведения об ответственности __
a Заглавие Справочная книга инспектора валютных операций коммерческих банков
f Первые сведения об ответственности Баринов,Виктор Тимофеевич.
210 Выходные данные __
a Место издания Москва
c Издательство "Менатеп-Информ"
d Дата издания 1995
215 Физическое описание __
a Объем 428
225 Серия __
a Серия "Русская деловая литература")
610 Ключевые слова __
a Ключевые слова Операции в иностранной валюте
686 Индексы других классификаций __
a Классификационный индекс 65.9(2)8
2 Код системы rubbk
686 Индексы других классификаций __
a Классификационный индекс 65.9(2)826
2 Код системы rubbk
700 Автор __
a Фамилия Баринов,Виктор Тимофеевич.
801 Источник записи _0
a Страна RU
b Организация РУК
c Дата составления 19960905
g Правила каталогизации PSBO
801 Источник записи _1
a Страна RU
b Организация РУК
c Дата составления 19960905
g Правила каталогизации PSBO
852 Данные о местонахождении __
i Авторский знак Б24
j Шифр хранения 65.9(2)826
901 Тип документа __
t Тип документа m
938 Служебная информация __
a Название организации Головной вуз
b Имя БД BOOK
c Название АИБС АИБС ИРБИС